3 Biggest Cities in each Region of France - Statistics

General Stats
  • This quiz has been taken 34 times
  • The average score is 34 of 72
Answer Stats
Region + Rank Population City % Correct
Nouvelle-Aquitaine 1 1,104,087 Bordeaux
100%
Auvergne-Rhône-Alpes 1 2,251,197 Lyon
100%
Provence-Alpes-Côte d'Azur 1 2,053,893 Marseille
100%
Île-de-France 1 12,146,952 Paris
100%
Provence-Alpes-Côte d'Azur 2 1,008,120 Nice
97%
Grand Est 1 504,865 Strasbourg
97%
Occitanie 1 1,303,498 Toulouse
97%
Occitanie 2 812,673 Montpellier
94%
Bourgogne-Franche-Comté 1 232,134 Dijon
91%
Hauts-de-France 1 1,208,823 Lille
91%
Pays de la Loire 1 727,460 Nantes
91%
Brittany 1 374,985 Rennes
85%
Auvergne-Rhône-Alpes 2 470,336 Grenoble
82%
Normandy 2 268,779 Le Havre
82%
Brittany 2 155,452 Brest
79%
Provence-Alpes-Côte d'Azur 3 480,660 Toulon
79%
Grand Est 2 326,339 Metz
76%
Centre-Val de Loire 2 313,288 Orléans
76%
Centre-Val de Loire 1 371,095 Tours
76%
Réunion 3 187,622 Saint-Denis
73%
Île-de-France 3 150,020 Saint-Denis
73%
Normandy 3 209,672 Caen
70%
Normandy 1 516,653 Rouen
70%
Auvergne-Rhône-Alpes 3 281,155 Clermont-Ferrand
67%
French Guiana 1 130,550 Cayenne
64%
Corsica 1 81,120 Ajaccio
61%
Nouvelle-Aquitaine 2 192,109 Limoges
58%
Grand Est 3 255,116 Mulhouse
58%
Pays de la Loire 2 253,700 Angers
55%
Occitanie 3 154,019 Nîmes
55%
Bourgogne-Franche-Comté 2 201,793 Besançon
52%
Martinique 1 106,539 Fort-de-France
52%
French Polynesia 1 141,440 Papeʻete
52%
Île-de-France 2 274,193 Versailles
52%
Corsica 2 72,581 Bastia
45%
Nouvelle-Aquitaine 3 140,063 Pau
45%
Hauts-de-France 3 178,942 Amiens
42%
Hauts-de-France 2 190,310 Dunkirk
42%
Brittany 3 125,048 Lorient
42%
New Caledonia 1 178,506 Nouméa
39%
Réunion 1 228,470 Saint Pierre
39%
Saint Pierre and Miquelon 1 5,578 Saint-Pierre
39%
Réunion 2 192,029 Saint-Paul
36%
Pays de la Loire 3 206,610 Saint-Nazaire
33%
Mayotte 1 75,358 Mamoudzou
30%
Guadeloupe 2 52,683 Les Abymes
24%
Bourgogne-Franche-Comté 3 89,306 Montbéliard
24%
Guadeloupe 1 260,071 Pointe-à-Pitre
24%
French Polynesia 2 30,103 Faʻaʻā
21%
Wallis and Futuna 1 1,106 Mata'utu
21%
French Guiana 2 53,101 Saint-Laurent-du-Maroni
18%
Corsica 3 20,018 Borgo
15%
Centre-Val de Loire 3 102,097 Chartres
15%
Saint Barthélemy 1 2,850 Gustavia
15%
Saint Martin 1 6,173 Marigot
15%
New Caledonia 2 38,948 Dumbéa
12%
Mayotte 2 34,517 Koungou
12%
Martinique 2 40,237 Le Lamentin
12%
Guadeloupe 3 31,096 Baie-Mahault
9%
French Guiana 3 36,209 Matoury
9%
Saint Pierre and Miquelon 2 603 Miquelon-Langlade
9%
New Caledonia 3 27,130 Païta
9%
Martinique 3 21,110 Schœlcher
9%
Wallis and Futuna 3 620 Utufua
9%
Saint Barthélemy 2 2,003 Flamands
6%
Saint Martin 3 2,610 Grand Case
6%
Wallis and Futuna 2 634 Liku
6%
Mayotte 3 18,670 Pamanzi
6%
French Polynesia 3 29,852 Punaʻauia
6%
Saint Martin 2 5,408 Quartier-d'Orleans
6%
Saint Pierre and Miquelon 3 210 Sainte-Thérèse
6%
Saint Barthélemy 3 1,920 Vitet
6%
No matching quizzes found
Score Distribution
Percent of People with Each Score
Percentile by Number Answered
Your Score History
You have not taken this quiz